000 00605nam a22001697a 4500
999 _c7974
_d7974
003 GBCCL
005 20241126110640.0
008 181122b ||||| |||| 00| 0 eng d
040 _cGBC
082 _aARCH GBC-2007
_bNIA
100 _aNiangngaihlun, Abigail
_913916
245 _aThe Role of the Family in Responding to the Twin Epidemics of Drug-Abuse and HIV/ AIDS in Churachandpur, Manipur |
_cAbigail Niangngaihlun
260 _aNew Lamka:
_bGrace Bible College,
_c2007
300 _avii + 53 p.;
_c21 x 30 cm.
650 _aFamily
_vDrug-Abuse
_vHIV/ AIDS
_zLamka
_zChurachandpur
_913917
942 _2ddc
_cTH